000 00237nam a2200097Ia 4500
082 _aEF DONA
245 0 _aChoke chain
100 _a DONALD, Jason London, 2009
_973384
942 _cBK
008 210817s9999 xx 000 0 und d
999 _c393170
_d393169